000 00954nam a22003017a 4500
001 BR9703748
003 BR-BrBNA
005 20230928095703.0
007 ta
008 230509b bl.||||| |||| 00| 0 por d
040 _aBR-BrBNA
_bpor
_cBiblioteca Nacional de Agricultura
041 _a(Por)
072 _aF30; Q52
_b0120
_b8952
090 _ 0120 BR9703748
100 1 _aNussio, L.C.
110 1 _aEscola Superior de Agricultura Luiz de Queiroz, Piracicaba, SP (Brasil)
_0Tese (Mestre em Agronomia)
245 1 _aAvaliacao de cultivares de milho (Zea mays L.)para ensilagem atraves da composicao quimica e digestibilidade "in situ"
260 3 _aPiracicaba, SP (Brasil):
_c1997.
300 _a58 p.
500 _a49 ref.; 12 illus.; 28 tables; Summaries (Eng, Por)
650 _aMilho
650 _aVariedade
650 _aSilagem
650 _aEnsilagem
650 _aForragem
909 _a202309
_bLucia
_c55
_dLucia Elande
942 _cBK
999 _c58093
_d58093